| 000 | 00576nam a2200229Ia 4500 | ||
|---|---|---|---|
| 003 | OSt | ||
| 005 | 20220916110930.0 | ||
| 006 | a|||||r|||| 00| 0 | ||
| 007 | ta | ||
| 008 | Pun | ||
| 024 | _a11,273 | ||
| 037 | _cTextbook | ||
| 040 |
_bPun _aARTS _cARTS |
||
| 041 | _aPun | ||
| 082 | _aO153,1N20x, J3 | ||
| 100 | _aਤਾਰਾ ਚੰਦ | ||
| 245 | 0 | _aਤੇਗਾਂ ਦੀ ਛਾਵੇ੍ਵ | |
| 260 | _c1953 | ||
| 650 | _aਪੰਜਾਬੀ ਸਾਹਿਤ | ||
| 942 |
_hO153,1N20x, J3 _cTB _2CC |
||
| 999 |
_c101694 _d101694 |
||